| 000 | 01363nam a2200133Ia 4500 | ||
|---|---|---|---|
| 008 | 220615s9999||||xx |||||||||||||| ||und|| | ||
| 020 | _a9783040000000 | ||
| 245 | 0 | _aImpact Welding of Materials | |
| 546 | _aEnglish[eng] | ||
| 650 | _adissimilar materials||interlayer||vaporizing foil actuators welding||impact welding||impact velocity||impact angle||welding interface||flyer velocity||energy efficiency||peak velocity||flyer rebound||flyer size||confinement layer||explosive welding||Ti6Al4V/Al-1060||microstructure||mechanical properties||smooth particle hydrodynamic (SPH)||high-velocity impact welding||smoothed particle hydrodynamics simulation||welding window||gelatin||thin aluminum plate||magnesium alloys||LPSO phase||cellular metal||composite structure||unidirectional cellular metal||explosive compaction||high-energy-rate forming||tantalum/copper/stainless steel clads||severe plastic deformation||SEM/EBSD||microhardness||magnetic pulse welding||dissimilar metals||surface preparation||interface||aluminum||carbon steel||stainless steel||collision welding||pressure welding||process glare||jet||cloud of particles||shock compression||surface roughness||collision conditions||model test rig||welding mechanisms||n/a | ||
| 700 | _aGalvão, Ivan||Loureiro, Altino||Mendes, Ricardo | ||
| 856 | _uhttps://mdpi.com/books/pdfview/book/3786 | ||
| 942 | _cEB | ||
| 999 |
_c15514 _d15514 |
||